000 00472nam a22001697a 4500
999 _c60634
_d60634
005 20230926171429.0
008 230926s1969 enk||||| |||| 00| 0 eng d
020 _a0801493129
041 _aeng
080 _a355.48(37/38+94 W-91
100 _aWatson, G. R.
_919926
245 _aThe Roman Soldier /
_cG. R. Watson.
264 _aNew York,
_c1969.
300 _a256 p.:
_bill.;
_c21 cm.
653 _aრომაელი ჯარისკაცი
942 _2udc
_cMX